PKK terörü neden bitmedi, nasıl biter? (Record no. 1798)

MARC details
000 -BAŞLIK
Sabit Uzunlukta Kontrol Alanı 00818na a2200289 4500
001 - KONTROL NUMARASI
Denetim Alanı 15386
003 - KONTROL NUMARASI IDENTIFIER
Denetim Alanı MIRAKIL
005 - SON İŞLEM TARİHİ VE ZAMANI
Denetim Alanı 20181213154835.0
008 - SABİT-BOY VERİ ELEMANLARI - GENEL BİLGİLER
Sabit Uzunlukta Kontrol Alanı 161006b tu 000 0
020 ## - ULUSLARARASI STANDART KİTAP NUMARASI
Uluslararası Standart Kitap Numarası 9786054125067
035 ## - SİSTEM KONTROL NUMARASI
Sistem Kontrol Numarası 15386
040 ## - KATALOGLAMA KAYNAK
Orijinal Kataloglama Ajansı Milas
Kataloglama Dili tur
Metne Dönüştürmek Ajansı TR-AnCHP
041 ## - DİL KODU
Metin / Ses Parça Veya Ayrı Başlığın Dil Kodu tur
082 ## - DEWEY ONLU SINIFLANDIRMA NUMARASI
Sınıflandırma Numarası 303.625
Ürün Numarası Ö82p 2008
090 ## - SINIFLAMA NUMARASI
Sınıflama Numarası 303.625 Ö82p 2008
100 ## - ANA GİRİŞ - KİŞİSEL İSİM
Kişisel Ad Özdağ, Ümit
Bir Adıyla İlişkilendirilen Tarihler 1961-
245 ## - BAŞLIK TABLOSU
Başlık PKK terörü neden bitmedi, nasıl biter?
Sorumluluk Tablosu, Vb Ümit Özdağ
260 ## - YAYIN, DAĞITIM, VB
Yayın, Dağıtım, Vb Yeri Ankara
Yayıncı, Dağıtıcı, Vs Adı Kripto
Yayın, Dağıtım, Vb Tarihi 2008
300 ## - FİZİKSEL TANIM
Kapsam 355 s.
Boyutlar 21 sm.
490 ## - SERİSİ TABLOSU
Seri Beyanı Araştırma&İnceleme dizisi
Hacim / Ardışık Tanımı 2
490 ## - SERİSİ TABLOSU
Seri Beyanı Kripto
Hacim / Ardışık Tanımı 7
504 ## - KAYNAKÇA VB NOT
Kaynakça Vb Notu Kaynakça var
650 ## - KONU KATMA GİRİŞ - TOPİKAL DÖNEM
Topikal Süreli Veya Coğrafi Ad Giriş Elemanı Terör örgütleri
Genel Alt Bölümü PKK terör örgütü
Kronolojik Alt Bölümü Türkiye
650 ## - KONU KATMA GİRİŞ - TOPİKAL DÖNEM
Topikal Süreli Veya Coğrafi Ad Giriş Elemanı Terörizm
Coğrafi Alt Bölümü Türkiye
650 ## - KONU KATMA GİRİŞ - TOPİKAL DÖNEM
Topikal Süreli Veya Coğrafi Ad Giriş Elemanı Siyaset ve yönetim
Genel Alt Bölümü Terör
Coğrafi Alt Bölümü Türkiye
942 ## - EKLENDİ GİRİŞ ELEMANLARI (KOHA)
Sınıflandırma Veya Raf Düzeni Kaynak Dewey Decimal Classification
Koha Öğesi Türü Books
999 ## - SİSTEM KONTROL NUMARALARI (KOHA)
Koha Biblionumber 1798
Koha Biblioitemnumber 1798
Holdings
Kalıcı Konum Mevcut Konum Edinme Tarihi Edinim Kaynak Toplam Check-Out'Lar Tam Çağrı Numarası Barkod Tarih Son Görülme İtibaren Geçerli Fiyatlar Koha Öğesi Türü
CHP Kütüphanesi CHP Kütüphanesi 09/08/2016 Bağış   303.625 Ö82p 2008 003855 09/08/2016 09/08/2016 Books